1809 1714 1507 1911 1180 1030 1702 1127 1608 1728 1001 1133 1980 1120 1107 1990 1516 1436 1211 1470 1488 1898 1390 1855 1248 1848 1584 1432 1684 1742 1201 1707 1435 1742 1489 1037 1711 1166 1959 1098 1604 1456 1927 1752 1441 1402 1225 1360 1251 1307 1313 1718 1279 1124 1907 1445 1169 1699 1789 1707 1944 1873 1218 1830 1335 1210 1481 1673 1814 1998 1020 1229 1343 1286 1379 1362 1101 1492 1468 1789 1458 1452 1928 1698 1923 1460 1137 1133 1618 1612 1412 1319 1209 1833 1132 1481 1621 1529 1058 BCNSPRNW ULIB Ver.6.0+V

เปลี่ยนเป็นภาษาไทย

Change to English
 แสดงรายละเอียดบรรณานุกรม
  กลับหน้าหลัก

Brief Record : Get Marc (ISO 2709) : E-mail record : QR code < ปิดหน้าต่าง
LEADER : 00000nam 2200000uu 4500
001    13399113067
003     ULIB
008    110923s2546||||th 000 0 tha d
020    9749007328
041 1  tha^heng
050 04 PE1130^bT111ว 2546
100 1  ทอร์นบอรี, สก็อต
245 10 วิธีสอนไวยากรณ์ = How to teach grammar /^cScott Thornbury,เขียน ; Jeremy Harmer, บรรณาธิการชุดภาษาอังกฤษ ; ส่าหรี กุลสิริสวัสดิ์, แปลและเรียบเรียง ; พงษ์ศรี เลขะวัฒนะ, บรรณาธิการชุดภาษาไทย
250    พิมพ์ครั้งที่ 1
260    กรุงเทพฯ :^bบริษัท เพียร์สัน เอ็ดดูเคชั่น อินโดไชน่า,^c2546
300    x, 237 หน้า :^bภาพประกอบ ;^c25 ซม
505 2  ไวยากรณ์คืออะไร -- ทำไมจึงต้องสอนไวยากรณ์ -- วิธีสอนไวยากรณ์จากกฎ-- วิธีสอนไวยากรณ์จากตัวอย่าง -- วิธีสอนไวยากรณ์ด้วยการใช้เรื่อง -- วิธีฝึกใช้ไวยากรณ์ -- วิธีจัดการกับข้อผิดพลาดทางไวยากรณ์ -- วิธีผสมผสานไวยากรณ์ -- วิธีทดสอบไวยากรณ์ -- วิธีที่ไม่ต้องสอนไวยากรณ์
650  7 ภาษาอังกฤษ^xไวยากรณ์^xการศึกษาและการสอน
700 0  ส่าหรี กุลสิรืสวัสดิ์
700 12 Thornbury, Scott.^tHow to teach grammar
945    ^p430^l0^i021681
995    ทศพร
999 ^a ศิริพร
รายการนี้ยังไม่มีแท็ก
คุณยังไม่ได้ล็อกอิน คุณสามารถมีกิจกรรมร่วมกับเว็บไซต์ได้ แต่ต้องล็อกอินก่อน ::
  ล็อกอิน

รายการสื่อสารสนเทศ

ลำดับที่ ประเภท เลขเรียก/บาร์โค้ด สถานที่ สถานะ
- ไม่พบข้อมูล -

รายการใกล้เคียง
    ผู้แต่ง [ทอร์นบอรี, สก็อต]

BibComment


ยังไม่เคยถูกคอมเมนท์

คอมเมนท์ทรัพยากรรายการนี้
  คอมเมนท์: วิธีสอนไวยากรณ์ ..


 Copyright 2026. Bcnsprnw @Library